« Retourner aux résultats de recherche
Guide du bien vieillir (Le)
| Auteur principal: | Olivier de Ladoucette |
|---|---|
| Support: | Livres |
| Langue: | Francais |
| Publié: |
2004 O. Jacob Paris |
| Genre: |
Documentaire |
| Collection: |
Guide Integra |
| Sujets: | |
| Étiquettes: |
Ajouter
Pas de Tags !
|
| LEADER | 01034nam0a2200229 450 | ||
|---|---|---|---|
| 001 | 16847874 | ||
| 010 | |a 2-7381-1460-1 |b Rel. |d 28,8 | ||
| 100 | |a 20040120d2004 u u0frey01 ba | ||
| 101 | 0 | |a fre | |
| 102 | |a FR | ||
| 200 | 0 | |a Guide du bien vieillir (Le) |f Olivier de Ladoucette |g collab. Sylvie Fontègne - ill. François Poulain | |
| 205 | |a Nouv. éd. rev. et augm. | ||
| 207 | 1 | |a | |
| 210 | |a Paris |b 15, rue Soufflt. |c O. Jacob |d 2004 | ||
| 215 | |a 667 p. |c ill. |d 25 x 16 cm | ||
| 225 | 1 | |a Guide Integra | |
| 300 | |a Index. Adresses utiles | ||
| 330 | |a Propose une description de tous les aspects médicaux et psychologiques du vieillissement : la transformation du corps, l'exercice physique, l'alimentation, la fatigue, l'insomnie, les soins esthétiques, la vie sexuelle, les petits-enfants, la personnalité, etc. | ||
| 700 | 0 | |a Ladoucette |b Olivier de |4 70 | |
| 900 | |a Documentaire | ||
| 901 | |a Accessible au prêt | ||
| 995 | |a Bibliothèque |c Bibliothèque |f 00156006447841 |h 00156006447841 |k 305.26 LAD |o p |q a |r az |e Bibliothèque | ||
